Finančné výkazníctvo subjektov verejnej správy

Zákon č. 291/2002 Z. z. o Štátnej pokladnici a o zmene a doplnení niektorých zákonov v z. n. p. v § 2b ods. 2 obsahuje splnomocňovacie ustanovenie pre Ministerstvo financií Slovenskej republiky vydať všeobecne záväzný právny predpis, ktorým sa ustanoví usporiadanie, obsahové vymedzenie, spôsob, term...

Descrizione completa

Salvato in:
Dettagli Bibliografici
Autore principale: Jobbágyová, Bibiana
Natura: Capitolo di libro
Lingua:slovacco
Soggetti:
Tags: Aggiungi Tag
Nessun Tag, puoi essere il primo ad aggiungerne!!

MARC

LEADER 00000naa a2200000 4500
001 0240585
005 20180223064736.7
041 0 |a slo 
044 |a SK 
245 1 0 |a Finančné výkazníctvo subjektov verejnej správy  |c Bibiana Jobbágyová 
520 |a Zákon č. 291/2002 Z. z. o Štátnej pokladnici a o zmene a doplnení niektorých zákonov v z. n. p. v § 2b ods. 2 obsahuje splnomocňovacie ustanovenie pre Ministerstvo financií Slovenskej republiky vydať všeobecne záväzný právny predpis, ktorým sa ustanoví usporiadanie, obsahové vymedzenie, spôsob, termín a miesto predkladania informácií z účtovníctva a údajov potrebných na účely hodnotenia plnenia rozpočtu verejnej správy predkladaných subjektmi verejnej správy. Na jeho základe ministerstvo financií vydalo opatrenie z 19. decembra 2017 č. MF/017353/2017-352, ktorým sa ustanovuje usporiadanie, obsahové vymedzenie, spôsob termín a miesto predkladania informácií z účtovníctva a údajov potrebných na účely hodnotenia plnenia rozpočtu verejnej správy. 
610 2 0 |a Slovensko 
610 2 0 |a zákony 
610 2 0 |a výkazníctvo finančné 
610 2 0 |a výkazy finančné 
610 2 0 |a správa verejná 
100 1 |a Jobbágyová, Bibiana